000
00225 a2200097 4500
001
57124
100
_a
245
_a
1500 Words in 15 Minutes a Day
260
_a
New Delhi
_b
Mcgraw Hill
_c
2008
090
_c
35055
_d
35055
942
_a
NUST-CAE
_c
MONOGRAPH
_c
27842
999
_c
292197
_d
292197